|
|
|
|
| LEADER |
00679nam a22002052a 4500 |
| 001 |
001410607 |
| 003 |
CZ BrMZK |
| 005 |
20141006152631.0 |
| 007 |
ta |
| 008 |
140811s1959 xr er|||||||||||cze d |
| 015 |
|
|
|a cnb000459173
|
| 040 |
|
|
|a BOA001
|b cze
|
| 100 |
1 |
|
|a Kotouček, Jiří,
|d 1928-
|7 mzk2004175573
|4 aut
|4 ill
|
| 245 |
1 |
0 |
|a Jak na to? :
|b názornou agitací pomáháme rozvoji zemědělské výroby /
|c napsal a nakreslil Jiří Kotouček
|
| 260 |
|
|
|a Brno :
|b Krajský dům osvěty,
|c 1959
|
| 300 |
|
|
|a 94 s.
|
| 910 |
|
|
|a BOA001
|b 2-0419.678
|
| 990 |
|
|
|a BK
|
| 991 |
|
|
|b 201408
|
| 996 |
6 |
|
|b 2619122490
|c 2-0419.678
|l MZK
|r Sklad / do 24 hodin
|n 0
|w 001445752
|u 000010
|a 1
|e BOA001
|j MZK50
|s P
|